000 00343nam a2200145 i 4500
001 bg
100 1 _aLITVIN, Jan A.
245 0 _aWspółczesny sport samochodowy /
_cJan A. Litvin.
260 _aWarszawa,
_c1976.
700 1 _aLITWIN, Jan A.
040 _cBPK
041 _apol
942 _cKS
008 s pl f |000 0 pol
999 _c16843
_d16843
856 _uhttp://koha.tu.koszalin.pl/cgi-bin/koha/opac-detail.pl?biblionumber=16843
_yKatalog online BPK